Aplikácia medzinárodných účtovných štandardov v praxi

Príklady aplikácie medzinárodných účtovných štandardov (IAS). Aplikácia IAS 1 - Prezentácia účtovnej závierky. Ilustratívna štruktúra účtovnej závierky. Aplikácia IAS 2 - Zásoby. Príloha č. 1 - Výkaz peňažných tokov. Aplikácia IAS 8 - Čistý zisk alebo strata za obdobie, základné chyby a zmeny v bila...

Descripción completa

Guardado en:
Detalles Bibliográficos
Autor principal: Hricišáková, Gabriela
Otros Autores: Malina, Dušan
Formato: Capítulo de libro
Lenguaje:eslovaco
Materias:
Etiquetas: Agregar Etiqueta
Sin Etiquetas, Sea el primero en etiquetar este registro!

MARC

LEADER 00000naa a2200000 4500
001 r047432
005 20230711121209.4
041 0 |a slo 
044 |a SK 
245 1 0 |a Aplikácia medzinárodných účtovných štandardov v praxi  |c Gabriela Hricišáková, Dušan Malina 
520 |a Príklady aplikácie medzinárodných účtovných štandardov (IAS). Aplikácia IAS 1 - Prezentácia účtovnej závierky. Ilustratívna štruktúra účtovnej závierky. Aplikácia IAS 2 - Zásoby. Príloha č. 1 - Výkaz peňažných tokov. Aplikácia IAS 8 - Čistý zisk alebo strata za obdobie, základné chyby a zmeny v bilančnej politike. Aplikácia IAS 10 - Udalosti po súvahovom dni. Aplikácia IAS 11 - Zákazky na zhotovenie. 
610 2 0 |a účtovníctvo medzinárodné 
610 2 0 |a štandardy 
610 2 0 |a IAS 
610 2 0 |a závierka účtovná 
610 2 0 |a výkaz ziskov a strát 
610 2 0 |a zásoby 
610 2 0 |a výkazy účtovné 
610 2 0 |a zisk 
610 2 0 |a strata 
610 2 0 |a postupy účtovné 
100 1 |a Hricišáková, Gabriela 
700 1 |a Malina, Dušan